000 03647nam a2200325 4500
001 114167
003 DR-UNIBE
005 20251027112041.0
008 251017b2010 dr ||||| |||| 00| 0 spa d
020 _a9789993468998
040 _aBIBLIOTECA UNIBE
_bspa
_cBIBLIOTECA UNIBE
041 _aspa
082 _222
_aRD 342.729303 P861m 2010
100 1 _aPotentini Adames, Trajano Vidal,
_d1968-
_eautor
_9195336
245 1 0 _aManual de derecho constitucional dominicano :
_bguía doctrinal y conceptual de la Constitución reformada /
_cTrajano Vidal Potentini Adames
250 _aPrimera edición
260 _aSanto Domingo :
_bLibrería Jurídica Virtual :
_bEdiciones Jurídicas Trajano Potentini,
_c2010
300 _axlviii, 604 páginas
_c23 cm
504 _aIncluye referencias bibliográficas (páginas: 593-604) e índice
505 0 _aPRIMERA PARTE. CONCEPTOS BÁSICOS DEL DERECHO Y TEORÍA GENERAL DEL ESTADO | Capítulo I. El derecho como orden normativo | Capítulo II. Teoría general del Estado | Capítulo III. Reconocimiento y funciones del Estado | Capítulo IV. Formas de Estado y de gobierno | SEGUNDA PARTE. LA DEMOCRACIA Y LOS MECANISMOS DE PARTICIPACIÓN POPULAR | Capítulo V. La democracia como sistema político | Capítulo VI. Mecanismos de participación popular: referendo, plebiscito e iniciativa legislativa popular | TERCERA PARTE. INTRODUCCIÓN AL ESTUDIO DE LA TEORÍA CONSTITUCIONAL | Capítulo VII. Constitucionalismo y derecho constitucional | Capítulo VIII. La Constitución y el poder constituyente | Capítulo IX. El constitucionalismo dominicano | Capítulo X. La reforma constitucional | CUARTA PARTE. RASGOS MÁS RELEVANTES DE LA CONSTITUCIÓN REFORMADA | Capítulo XI. Los principios y valores constitucionales | Capítulo XII. El Estado social y democrático de derecho en la Constitución reformada | Capítulo XIII. Los derechos fundamentales y las libertades públicas en la Constitución reformada | Capítulo XIV. Sistema de protección y garantías constitucionales de los derechos fundamentales | QUINTA PARTE. DERECHO PROCESAL CONSTITUCIONAL, JUSTICIA CONSTITUCIONAL Y CONTROL DE LA CONSTITUCIONALIDAD | Capítulo XV. Derecho procesal constitucional y justicia constitucional | Capítulo XVI. Sistema de control de la constitucionalidad de las leyes en la Constitución reformada | Capítulo XVII. Proceso de formación de las leyes y otras disposiciones normativas | SEXTA PARTE. AVANCES, NOVEDADES, RETOS Y DESAFÍOS EN LA CONSTITUCIÓN REFORMADA | Capítulo XVIII. Avances y novedades contenidos en la Constitución reformada | Capítulo XIX. Retos, desafíos y posibles escollos en la Constitución reformada | PARTE FINAL. ACONTECIMIENTOS HISTÓRICOS QUE INFLUYERÓN EN EL CONSTITUCIONALISMO Y ANEXOS | Capítulo único. Revoluciones inglesa, francesa y guerras de independencia de las naciones estadounidense y dominicana | Anexo I. Breve glosario comprensivo concordado en materia constitucional | Anexo II. Gobiernos dominicanos | Bibliografía consultada
650 7 _2lemb
_aReformas constitucionales
_zRepública Dominicana
_930189
650 7 _2lemb
_aControl de constitucionalidad
_zRepública Dominicana
_95532
651 7 _2lemb
_aRepública Dominicana
_xDerecho constitucional
_vGuías
_9200066
651 7 _2lemb
_aRepública Dominicana
_xHistoria constitucional
_9194322
655 _vManuales
_9194534
700 1 _aCuesta, Modesto
_ecorrector de estilo
_947909
700 1 _aPérez, José Miguel
_ediagramador
_9155727
710 2 _aEdiciones Jurídicas Trajano Potentini
_edirección y coordinación editorial
_9181019
942 _2ddc
_cBK
999 _c114167
_d114167